00624nam a2200205 a 450000100060000000300080000600500170001400800410003103500200007204000320009204100080012408200280013210000230016024500320018326000370021530000480025250400420030060000390034265000370038123882BD-RjUL20211209001001.0140312s1962 enkach b 001 0 eng d a(BD-RjUL) 23947 aDLCcIQUdUKMdBD-RjULbeng aeng04a365.7092218bKEE 19621 aKent, John,d1923-10aElizabeth Fry /cJohn Kent. aLondon :bB. T. Batsford,c1962. a144 p., [14] p. of plates :bill. ;c22 cm. aBibliographical references and index.10aFry, Elizabeth Gurney,d1780-1845. aFry, Elizabeth Gurney, 1780-1845